00345nam a2200109Ia 4500008004100000020001800041040002900059050002500088100005500113245003600168260003100204221216s9999||||xx |||||||||||||| ||und|| a9780072340525 cChuka University Library aHG 4026 b.R676 2001 aRoss Stephen A., Randolph H. W.,Jordan Bradford D. 0aEssentials of Corporate finance aMcgraw hill bBostonc2001